000 00534nam a22001817a 4500
005 20251108164755.0
008 250721s1999 xx 000 0 ara d
082 1 4 _a616.0252/فهم
100 1 _aفهمي، فؤاد علي
245 1 0 _aالإسعافات الأولية /
264 1 _aالقاهره :
_bمكتبة مدبولي،
_c1999.
300 _a123ص
650 1 7 _aالإسعاف الأولي
650 1 7 _aالوقاية الصحية
650 1 7 _aإجراءات السلامة
942 _2ddc
_cBK
999 _c14041
_d14041